LIBRARY & INFORMATION CENTRE, KCAET, TAVANUR

ONLINE PUBLIC ACCESS CATALOGUE (OPAC)

Production of field crops: text of agronomy / (Record no. 7276)

MARC details
000 -LEADER
fixed length control field 00483cam a2200181ua 4500
020 ## - INTERNATIONAL STANDARD BOOK NUMBER
ISBN 007 099398 x
041 ## - LANGUAGE CODE
Language code of text/sound track or separate title eng
082 ## - DEWEY DECIMAL CLASSIFICATION NUMBER
Classification number 633.081
Item number KIP/PR
100 ## - MAIN ENTRY--AUTHOR NAME
Personal name Kipps, M S.
245 ## - TITLE STATEMENT
Title Production of field crops: text of agronomy /
250 ## - EDITION STATEMENT
Edition statement 6 /
260 ## - PUBLICATION, DISTRIBUTION, ETC. (IMPRINT)
Place of publication New Delhi :
Name of publisher Tata Mc-Graw Hill Publishing Company ,
Year of publication 1970.
300 ## - PHYSICAL DESCRIPTION
Number of Pages 790 ; .
942 ## - ADDED ENTRY ELEMENTS (KOHA)
Koha item type Books
Holdings
Withdrawn status Lost status Damaged status Home library Current library Date acquired Full call number Accession Number Koha item type
      KAUAET KAUAET 27/03/1987 633.081 16180 Books
free website counter